LEADER 01043nam a2200253 i 4500 001 000000060485 003 CaOOAMICUS 005 20190605141601.0 008 090807s1965 it u000 u ita u 013 $a31657 040 $aSeMil$bita 100 1 $aTourn, Giorgio,$d<1930- >.$0(OLS)http://semarc/name/6291 245 10$aDietrich Bonhoeffer e la Chiesa sotto il nazismo /$cGiorgio Tourn. 260 $aTorino :$bClaudiana,$c1965. 300 $a87 p., [8] p. di tav. :$bfot. ;$c21 cm. 490 0 $aI testimoni [Claudiana] ;$v3 600 14$aBonhoeffer, Dietrich <1906-1945>.$0(OLS)http://semarc/subject/5655 830 2$aI testimoni ;$v3.$0(OLS)http://semarc/title/423472 850 $aSeMil 852 $aSeMil$W1$xVenegono$y1$m2B I 457$j26638$B26638$CSeMilBibl$Z2$F26641 $81 961 $aOmaggio: Oggioni don Costantino 996 $6245$aDietrich Bonhoeffer e la Chiesa sotto il nazismo$9(OLS)http://semarc/title/94805 996 $6260$aTorino :$bClaudiana$9(OLS)http://semarc/publisher/29837 LEADER 01259nam a2200277 i 4500 001 000000105917 003 CaOOAMICUS 005 20020611000000.0 008 020611s1998 it u000 u ita u 013 $a78111 020 $a88-308-0636-6 040 $aSeMil$bita 100 1 $aPiana, Giannino,$d<1939-2023>.$0(OLS)http://semarc/name/1517 245 10$aAttraverso la memoria :$ble radici di un'etica civile /$cGiannino Piana. 260 $aAssisi :$bCittadella,$ccopyr. 1998. 300 $a168 p. ;$c19 cm. 490 0 $aQuestioni aperte. Nuova serie 500 $aContiene : Appendice. Costituzione della Repubblica Italiana ; La Costituzione italiana. Il valore di un patrimonio. 650 4$aItalia . Costituzione della Repubblica italiana.$0(OLS)http://semarc/subject/116 830 0$aQuestioni aperte. Nuova serie.$0(OLS)http://semarc/title/5977 850 $aSeMil 852 $aSeMil$W1$xVenegono$y1$m2E I 414$j62072$B62072$CSeMilBibl$Z2$F71772 $81 961 $aOmaggio: Fumagalli don Aristide 996 $6020$a88-308-0636-6$9(OLS)http://semarc/number/86241 996 $6245$aAttraverso la memoria :$ble radici di un'etica civile$9(OLS)http://semarc/title/153451 996 $6260$aAssisi :$bCittadella$9(OLS)http://semarc/publisher/29661